000 00574nam a2200169Ia 4500
003 GCL
008 140319s9999 xx 000 0 ara d
040 _aGCL /
_cGCL
082 0 4 _a301.2
_bم ت
100 1 _aمحمد ابراهيم الفيومى
245 1 0 _aتاملات فى ازمة العقل العربى /
_cمحمد ابراهيم الفيومى
260 _a[S.N] :
_bدار الفكر العربى ،
_c1991
300 _a205 ص
490 _a
650 0 4 _aالحضارة العربية الاسلامية - المعارف البحرية
942 _2ddc
_cBK
999 _c45152
_d45152